Villes mondiales finissant par R #1 - Statistiques

Statistiques générales
  • Ce quiz a été pris 71 fois
    32 depuis la dernière actualisation
  • Le résultat moyen est 12 sur 20
Statistiques - réponses
Question Ville % Correct
Sur la mer Méditerranée entre Tunis et Rabat Alger
92%
Plus grande ville de l'Hérault Montpellier
83%
En Mongolie elle a pour monument le Palais d'hiver du Bogdo Khan Oulan-Bator
79%
Partie insulaire de la Tanzanie particulièrement visitée Zanzibar
79%
Elle est toujours associée a Paris si on évoque une course automobile Dakar
75%
Ville américaine anagramme de VENDRE Denver
75%
En Malaisie, elle abrite les tours Petronas Kuala Lumpur
75%
Préfecture la plus à l'ouest de la France métropolitaine Quimper
75%
Prénom de Dali, dont on le modifie pour faire une capitale San Salvador
75%
Préfecture à l'intérieur de l'Alsace Colmar
71%
Cela ressemble au nom d'un footballeur prénommé Eden Hazar
63%
Port marocain situé dans le détroit de Gibraltar Tanger
58%
Les JO d'hiver de 2010 Vancouver
58%
Elle abrite la vallée des rois Louxor
38%
Ville belge ayant le Biétrumé comme spécialité Namur
38%
Ville du Canada sonnant comme une fête de la crêpe Chandler
33%
Autre grande ville de Croatie commençant par la même lettre que la capitale Zadar
33%
Un GP de F1 de nuit dans ce pays très riche Singapour
29%
Capitale de la province de Bali Denpasar
21%
Ville suisse dont le nom pourrait presque se traduire par "Jeudi d'hiver" Winterthur
21%
Aucun quiz correspondant
Distribution des résultats
% des personnes avec chaque résultat
Percentile par nombre de réponses
Votre historique - résultats
Vous n’avez pas pris ce quiz depuis la dernière actualisation